Lập trình C# từ cơ bản đến nâng cao

সংরক্ষণ করুন:
গ্রন্থ-পঞ্জীর বিবরন
প্রধান লেখক: Phạm, Công Ngô
বিন্যাস: গ্রন্থ
প্রকাশিত: Hà Nội Giáo dục 2010
সংস্করন:Tái bản lần thứ hai
বিষয়গুলি:
ট্যাগগুলো: ট্যাগ যুক্ত করুন
কোনো ট্যাগ নেই, প্রথমজন হিসাবে ট্যাগ করুন!
Thư viện lưu trữ: Trung tâm Học liệu Lê Vũ Hùng, Trường Đại học Đồng Tháp
LEADER 00956pam a22002778a 4500
001 00033294
005 20171026081025.0
008 150603s2010 ||||||Viesd
020 |c 32000 
041 0 # |a Vie 
082 1 4 |a 005.13  |b L123TR 
100 0 # |a Phạm, Công Ngô 
245 0 0 |a Lập trình C# từ cơ bản đến nâng cao  |c Phạm Công Ngô 
250 # # |a Tái bản lần thứ hai 
260 # # |a Hà Nội  |b Giáo dục  |c 2010 
300 # # |a 239 tr.  |c 24 cm.  |b bảng 
504 # # |a Thư mục: tr. 236 
653 # # |a Ngôn ngữ C 
653 # # |a Ngôn ngữ lập trình 
653 # # |a Tin học 
852 # # |b Kho mượn  |j KM.0019284, KM.0019145, KM.0019146, KM.0020095 
852 # # |b Kho đọc  |j KD.0016698 
852 # # |j KM.0019146  |j KD.0016698  |j KM.0020095  |j KM.0019284  |j KM.0019145 
910 0 # |a kchi  |d 3/6/2015 
980 # # |a Trung tâm Học liệu Lê Vũ Hùng, Trường Đại học Đồng Tháp